L'impact de la réunification allemande sur les échanges de la RFA avec les partenaires européens.

Dovoz a vývoz tovarov a služieb SRN v r. 1990-1991. Vývoj zahraničného obchodu Nemecka od r. 1989 podľa krajín a ich skupín. Príspevok k zvýšeniu nemeckého dovozu k rastu reálneho HDP európskych krajín. Zahraničný obchod Nemecka s krajinami ES po zjednotení Nemecka. Procesy unifikácie a ich vplyv na...

Full description

Saved in:
Bibliographic Details
Format: Book Chapter
Language:French
Subjects:
Tags: Add Tag
No Tags, Be the first to tag this record!

MARC

LEADER 00000naa a2200000 4500
001 r011654
005 20220913125118.9
041 0 |a fre 
044 |a FR 
245 1 0 |a L'impact de la réunification allemande sur les échanges de la RFA avec les partenaires européens. 
520 |a Dovoz a vývoz tovarov a služieb SRN v r. 1990-1991. Vývoj zahraničného obchodu Nemecka od r. 1989 podľa krajín a ich skupín. Príspevok k zvýšeniu nemeckého dovozu k rastu reálneho HDP európskych krajín. Zahraničný obchod Nemecka s krajinami ES po zjednotení Nemecka. Procesy unifikácie a ich vplyv na hospodársky rast Belgicka, Holandska, Rakúska a Dánska v r. 1991-1992. (Rapports mensuelles de la Deutsche Bundesbank 1992, č. 7.). 
610 2 0 |a služby 
610 2 0 |a Nemecko 
610 2 0 |a západná Európa 
610 2 0 |a východné Nemecko 
610 2 0 |a 1989-1991 
610 2 0 |a obchod zahraničný 
610 2 0 |a produkt domáci hrubý 
610 2 0 |a dovoz 
610 2 0 |a Európske spoločenstvá 
610 2 0 |a údaje štatistické 
610 2 0 |a rast hospodársky 
610 2 0 |a unifikácia